فلسفة الفن والجمال في الفكر الاسلامي : (Record no. 63740)
[ view plain ]
| 000 -الفاتح | |
|---|---|
| حقل البيانات ثابتة الطول | 00911nam a22002417a 4500 |
| 005 - وقت وتاريخ اخر تعامل مع التسجيلة | |
| رقم الضبط | 20240530110656.0 |
| 008 - عناصر البيانات ثابتة الطول - معلومات عامة | |
| حقل البيانات ثابتة الطول | 171220s2015 ua f b 000 0 ara d |
| 017 ## - رقم الايداع القانونى | |
| رقم الايداع القانونى | 2014/19812 |
| المصدر ( الهيئة المختصة) | مصر . دار الكتب لمصرية |
| 020 ## - الرقم الدولى المعيارى للكتب | |
| الرقم الدولى المعيارى للكتاب | 9772329892 |
| 040 ## - مصدر الفهرسة | |
| وكالة الفهرسة الأصلية | EG-CaGPL |
| 082 04 - رقم تصنيف ديوى العشرى | |
| رقم الطبعة | 21 |
| رقم التصنيف | 701/ |
| رقم المادة | ع ف |
| 100 0# - المدخل الرئيسى - إسم شخصى | |
| الإسم الشخصى | عيد يونس . |
| 245 10 - بيان العنوان | |
| العنوان | فلسفة الفن والجمال في الفكر الاسلامي : |
| بقية العنوان | نحو استاطيقية اسلامية الهوى عربية الهوية / |
| بيان المسئوليه,etc | عيد سعد يونس . |
| 250 ## - بيان الطبعة | |
| بيان الطبعة | طز 1 |
| 260 ## - PUBLICATION, DISTRIBUTION, ETC. (IMPRINT) | |
| تاريخ النشر أو التوزيع | 2015 |
| 300 ## - الوصف المادى | |
| التعداد | 438 ص ؛ |
| أبعاد الوعاء | 12 سم . |
| 504 ## - تبصرة ببليوجرافية | |
| تبصرة ببليوجرافية,الخ | ببليوجرافية : ص 405 -411 |
| 650 07 - المدخل الاضافى بالموضوع-مصطلح موضوعى | |
| مصدر الرأس أو المصطلح | qrmak |
| مصطلح موضوعي | الفن الاسلامي |
| 650 07 - المدخل الاضافى بالموضوع-مصطلح موضوعى | |
| مصدر الرأس أو المصطلح | qrmak |
| مصطلح موضوعي | الفن |
| التقسيم الفرعي العام | فلسفة |
| 650 07 - المدخل الاضافى بالموضوع-مصطلح موضوعى | |
| مصدر الرأس أو المصطلح | qrmak |
| مصطلح موضوعي | الجمال |
| التقسيم الفرعي العام | فلسفة |
| 942 ## - عناصر المدخل الإضافي( كوها) | |
| مصدر التصنيف او مخطط الترفيف | Dewey Decimal Classification |
| Koha [default] item type | كتاب |
| 260 ## - PUBLICATION, DISTRIBUTION, ETC. (IMPRINT) | |
| -- | القاهرة : |
| -- | عالم الكتب ، |
| حالة التراجع | حالة الفقد | حالة تلف | ليس للاعارة | المكان المؤقت | الموقع الحالى | تاريخ الاكتساب | اجمالي اﻻعارات | رقم الطلب | الباركود | تاريخ اخر مشاهدة | تاريخ تفعيل السعر | نوع وعاء كوها |
|---|---|---|---|---|---|---|---|---|---|---|---|---|
| مكتبة الحضارة الاسلامية | مكتبة الحضارة الاسلامية | 12/20/2017 | 701/ ع ف | 163850 | 12/20/2017 | 12/20/2017 | كتاب |

